Close-Up 'G' Images Quiz Stats

 Plays Quiz Updated Jul 31, 2015

Challenge
Share
Tweet
Score 0/20 Timer 04:00
4 Plays Today
% Correct
Goat
99%
Guitar
99%
Gate
98.8%
Green Grapes
98.7%
Glove
98.7%
Golf Ball
98.6%
Gun
98.5%
Giraffe
98.3%
Gold
97.8%
Gorilla
97.5%
% Correct
Globe
97.4%
Goose
97.3%
Gong
93.4%
Gecko
91.9%
Grasshopper
91.8%
Gumball Machine
88.1%
Glue
84.4%
Garnet
83.9%
Ginger
79.3%
Garlic
78.5%

You're not logged in!

Compare scores with friends on all Sporcle quizzes.
OR
Log In

You Might Also Like...

Show Comments

Extras

Top Quizzes Today


Score Distribution

Your Account Isn't Verified!

In order to create a playlist on Sporcle, you need to verify the email address you used during registration. Go to your Sporcle Settings to finish the process.

Report this User

Report this user for behavior that violates our Community Guidelines.

Details: